| 000 | 01220nam a2200241Ia 4500 | ||
|---|---|---|---|
| 001 | 16003 | ||
| 003 | GE_BSU | ||
| 008 | 181216s||||||||xx |||||||||||||| ||und|| | ||
| 040 | _cGE_BSU | ||
| 080 | _a94(479.22)"19/20"+321+329 | ||
| 100 | _aხარჩილავა, ვახტანგ | ||
| 245 | _aსისხლიანი ქრონიკები.საქართველოს უახლესი ისტორია | ||
| 245 | _bლავრენტი ბერია / ანტონოვ-ოვსეენკო | ||
| 245 | _cთარგმნა თამარ ბერძენიშვილმა.რედ. რუსუდან ლოლაძე. მხ. სპ.ცინცაძე | ||
| 260 | _aთბილისი | ||
| 260 | _bმერანი | ||
| 260 | _c1989 | ||
| 300 | _a160 გვ. ; 21 სმ | ||
| 653 | _aლავრენტი ბერია / ანტონოვ-ოვსეენკო | ||
| 653 | _aრეპრესიები საბჭოთა კავშირში | ||
| 653 | _aსისხლიანი ქრონიკები.საქართველოს უახლესი ისტორია | ||
| 942 | _cBK | ||
| 999 |
_c49096 _d49096 |
||